000
00305nam a2200133Ia 4500
005
20251222144722.0
008
251222s9999||||xx |||||||||||||| ||spa||
020
_a
84-493-0592-6
082
_a
153.35/G25
100
_a
Gardner, Howard
245
0
_a
Mentes Creativas:
264
_b
Paidós
942
_c
LIB
999
_c
18253
_d
18253